| 000 | 00591nam a2200193 i 4500 | ||
|---|---|---|---|
| 020 | _a2040028870 | ||
| 040 | _cDLC | ||
| 082 | 0 | 0 | _a540 DUS 1976 A062 Or. |
| 100 | 1 | _aGarric, Maurice Pierre, | |
| 245 | 1 | 0 | _aChimie générale / |
| 260 |
_a[Paris] : _bDunod, _cc1976. |
||
| 300 |
_axv, 400 p. : _bill. ; _c21 x 25 cm. |
||
| 490 | 0 | _aDunod université : Série orange | |
| 500 | _aLabel mounted on t.p.: Distributed in the U.S.A. by S.M.P.F. Corp., New-York. | ||
| 500 | _aBased on the author's Cours de chimie, 1970. | ||
| 500 | _aIncludes index. | ||
| 650 | 0 | _aChemistry. | |
| 942 | _cEK | ||
| 999 |
_c15390 _d15390 |
||